[Event "Aeroflot Open 2010"]
[Site "Moscu RUS"]
[Date "2010.02.10"]
[Round "2.34"]
[White "Iturrizaga, Eduardo"]
[Black "Feller, Sebastien"]
[Result "1-0"]
[WhiteElo "2616"]
[BlackElo "2579"]
[PlyCount "122"]
[EventDate "2010.02.09"]
[EventType "swiss"]
[EventRounds "9"]
[EventCountry "RUS"]
[Source "lmi"]
[SourceDate "2010.02.09"]

1. c4 Nf6 2. Nf3 g6 3. Nc3 Bg7 4. e4 d6 5. d4 O-O 6. Be2 e5 7. Be3 Ng4 8. Bg5
f6 9. Bh4 g5 10. Bg3 Nh6 11. dxe5 dxe5 12. Qd5+ Kh8 13. O-O-O Qe7 14. Qa5 Nc6
15. Nd5 Nxa5 16. Nxe7 Be6 17. Nd5 Rac8 18. Nd2 f5 19. f3 Rf7 20. Nb3 Nxb3+ 21.
axb3 g4 22. Nb4 gxf3 23. gxf3 fxe4 24. fxe4 Bg4 25. Bxg4 Nxg4 26. Rhf1 Bh6+ 27.
Kb1 Bf4 28. Nd3 Rcf8 29. Rf3 Bxg3 30. Rxg3 Nf2 31. Nxf2 Rxf2 32. Rd7 R2f7 33.
Rxf7 Rxf7 34. Rg5 Re7 35. b4 c6 36. Kc2 Re6 37. Kb3 h6 38. Rf5 Kg7 39. c5 Re7
40. Kc4 b5+ 41. cxb6 axb6 42. b5 Rc7 43. Rxe5 cxb5+ 44. Kxb5 Rc2 45. b4 Rxh2
46. Kxb6 h5 47. b5 h4 48. Kb7 h3 49. b6 Kg6 50. Ra5 Rc2 51. Ka7 h2 52. Ra1 Ra2+
53. Rxa2 h1=Q 54. b7 Qh7 55. Ra6+ Kg5 56. Ra5+ Kf4 57. e5 Qe7 58. e6 Ke4 59.
Ra6 Qc7 60. e7 Qxe7 61. Ka8 Kd5 1-0

[Event "Aeroflot Open 2010"]
[Site "Moscu RUS"]
[Date "2010.02.10"]
[Round "2.35"]
[White "Potkin, Vladimir"]
[Black "Ragger, Markus"]
[Result "1-0"]
[WhiteElo "2611"]
[BlackElo "2568"]
[PlyCount "65"]
[EventDate "2010.02.09"]
[EventType "swiss"]
[EventRounds "9"]
[EventCountry "RUS"]
[Source "lmi"]
[SourceDate "2010.02.09"]

1. d4 Nf6 2. c4 e6 3. Nc3 Bb4 4. e3 O-O 5. Bd3 c5 6. Nf3 d5 7. O-O Nc6 8. a3
Ba5 9. h3 dxc4 10. Bxc4 Qe7 11. Bd3 Rd8 12. Ne4 Nxe4 13. Bxe4 Bb6 14. Qc2 cxd4
15. Bxh7+ Kh8 16. Be4 dxe3 17. Bxe3 Bxe3 18. fxe3 Bd7 19. Qf2 f5 20. Bc2 Rf8
21. e4 Qf6 22. Rad1 Be8 23. exf5 exf5 24. Qg3 Bh5 25. Rd7 f4 26. Qh4 Qxh4 27.
Nxh4 b6 28. Rd5 Bf7 29. Rd6 Ne5 30. Rxf4 Rfd8 31. Nf5 Kg8 32. Ne7+ Kf8 33. Ng6+
1-0

[Event "Aeroflot Open 2010"]
[Site "Moscu RUS"]
[Date "2010.02.10"]
[Round "2.36"]
[White "Vazquez Igarza, Renier"]
[Black "Shabalov, Alexander"]
[Result "0-1"]
[WhiteElo "2560"]
[BlackElo "2611"]
[PlyCount "76"]
[EventDate "2010.02.09"]
[EventType "swiss"]
[EventRounds "9"]
[EventCountry "RUS"]
[Source "lmi"]
[SourceDate "2010.02.09"]

1. d4 Nf6 2. c4 g6 3. Nc3 Bg7 4. e4 d6 5. Nf3 O-O 6. Be2 e5 7. O-O Nc6 8. d5
Ne7 9. b4 Nh5 10. Re1 f5 11. Ng5 Nf6 12. Bf3 c6 13. Be3 Kh8 14. b5 Ne8 15. bxc6
bxc6 16. Rb1 Nc7 17. exf5 gxf5 18. Bh5 cxd5 19. cxd5 Kg8 20. f4 h6 21. Nh3 e4
22. Bd4 Bxd4+ 23. Qxd4 Kh7 24. Re3 Ng8 25. Bg6+ Kxg6 26. Rg3+ Kf7 27. Rg7+ Ke8
28. Rb7 Ne7 29. Qa4+ Bd7 30. Qc4 Rc8 31. Qe2 Rf6 32. Rh7 Kf8 33. Ng5 hxg5 34.
fxg5 Rg6 35. Qh5 Be8 36. Nxe4 Ng8 37. Nf6 Rxf6 38. Qf3 Bg6 0-1

[Event "Aeroflot Open 2010"]
[Site "Moscu RUS"]
[Date "2010.02.10"]
[Round "2.37"]
[White "Iljushin, Alexei"]
[Black "Belov, Vladimir"]
[Result "1/2-1/2"]
[WhiteElo "2551"]
[BlackElo "2595"]
[PlyCount "119"]
[EventDate "2010.02.09"]
[EventType "swiss"]
[EventRounds "9"]
[EventCountry "RUS"]
[Source "lmi"]
[SourceDate "2010.02.09"]

1. d4 Nf6 2. c4 g6 3. Nc3 d5 4. Bg5 Ne4 5. Bh4 Nxc3 6. bxc3 dxc4 7. Qa4+ c6 8.
Qxc4 Qa5 9. Nf3 b5 10. Qd3 Bg7 11. e3 Bf5 12. Qd2 Nd7 13. Be2 e5 14. O-O O-O
15. Qb2 Rfe8 16. Rfc1 Rab8 17. Bg3 a6 18. h3 c5 19. Nxe5 Nxe5 20. dxe5 Bxe5 21.
Bxe5 Rxe5 22. c4 Qc7 23. cxb5 axb5 24. Bxb5 Be4 25. f4 Rd5 26. a4 Rbd8 27. Ra2
Qa5 28. Qc3 Qb4 29. Kh2 Rd2 30. Rxd2 Rxd2 31. Bf1 Qxc3 32. Rxc3 Rd1 33. Be2 Rd2
34. Bf1 Rd1 35. Kg1 Ra1 36. g4 Rxa4 37. Rxc5 Ra2 38. Rc4 Bf3 39. g5 Kg7 40. Rc7
Bd5 41. Rd7 Be6 42. Rd1 h6 43. h4 hxg5 44. hxg5 Rb2 45. e4 Bg4 46. Ra1 Rb4 47.
Bg2 Bc8 48. Kf2 Bb7 49. Re1 Rb2+ 50. Kg3 Rb3+ 51. Kf2 Rb2+ 52. Re2 Rxe2+ 53.
Kxe2 Kf8 54. Ke3 Ke7 55. Kd4 Ba6 56. Ke5 Bd3 57. Bf3 Bb1 58. Be2 Bc2 59. Bc4
Bb1 60. f5 1/2-1/2

[Event "Aeroflot Open 2010"]
[Site "Moscu RUS"]
[Date "2010.02.10"]
[Round "2.38"]
[White "Safarli, Eltaj"]
[Black "Laylo, Darwin"]
[Result "1-0"]
[WhiteElo "2594"]
[BlackElo "2556"]
[PlyCount "95"]
[EventDate "2010.02.09"]
[EventType "swiss"]
[EventRounds "9"]
[EventCountry "RUS"]
[Source "lmi"]
[SourceDate "2010.02.09"]

1. e4 c5 2. Nf3 e6 3. Nc3 a6 4. d4 cxd4 5. Nxd4 Qc7 6. Bd3 Nf6 7. O-O d6 8. Kh1
Nbd7 9. f4 b5 10. Qe2 Bb7 11. Bd2 Nc5 12. e5 dxe5 13. fxe5 Nfd7 14. Rae1 Nxd3
15. cxd3 Bc5 16. Qg4 Bxd4 17. Qxd4 O-O 18. Bg5 Rae8 19. Re3 Nxe5 20. Rxe5 f6
21. Rc5 Qd8 22. Be3 Qxd4 23. Bxd4 Rd8 24. Ne2 e5 25. Rc7 Rf7 26. Rfc1 exd4 27.
Rxf7 Kxf7 28. Rc7+ Kg6 29. Rxb7 Re8 30. Ng1 Re3 31. Rb6 Rxd3 32. Rxa6 Rd2 33.
b3 Kf5 34. h3 d3 35. Nf3 Rb2 36. Kh2 b4 37. Kg3 g5 38. Rd6 Rxa2 39. Rxd3 Rb2
40. Re3 h5 41. h4 Kg6 42. Nd4 Rd2 43. Nc6 gxh4+ 44. Kh3 Kg5 45. Nxb4 Rd1 46.
Kh2 f5 47. Nd3 f4 48. Rf3 1-0

[Event "Aeroflot Open 2010"]
[Site "Moscu RUS"]
[Date "2010.02.10"]
[Round "2.39"]
[White "Khusnutdinov, Rustam"]
[Black "Lopez Martinez, Josep Manuel"]
[Result "1-0"]
[WhiteElo "2513"]
[BlackElo "2593"]
[PlyCount "77"]
[EventDate "2010.02.09"]
[EventType "swiss"]
[EventRounds "9"]
[EventCountry "RUS"]
[Source "lmi"]
[SourceDate "2010.02.09"]

1. e4 c5 2. Nf3 d6 3. d4 cxd4 4. Nxd4 a6 5. Nc3 Nf6 6. Bc4 e6 7. O-O Nc6 8. Kh1
Qc7 9. Bb3 Na5 10. f4 b5 11. Qe2 Nxb3 12. axb3 b4 13. Ncb5 Qb7 14. e5 dxe5 15.
fxe5 Nd5 16. c4 bxc3 17. Nxc3 Ne7 18. Ne4 Ng6 19. Ng5 Be7 20. Rxf7 Qd5 21. Ndf3
Rg8 22. Be3 Bb7 23. Rd1 Qb5 24. Qf2 Qxb3 25. Rd2 Qa2 26. h3 h6 27. Bc5 hxg5 28.
Bxe7 Nxe7 29. Nxg5 Qb1+ 30. Kh2 Qg6 31. Qh4 Bc6 32. Rxe7+ Kxe7 33. Nxe6+ Kf7
34. Qf4+ Ke7 35. Qh4+ Kf7 36. Qf2+ Ke7 37. Qc5+ Kxe6 38. Rd6+ Kf5 39. Qf2+ 1-0

[Event "Aeroflot Open 2010"]
[Site "Moscu RUS"]
[Date "2010.02.11"]
[Round "3.4"]
[White "Najer, Evgeniy"]
[Black "Khalifman, Alexander"]
[Result "1/2-1/2"]
[WhiteElo "2665"]
[BlackElo "2616"]
[PlyCount "25"]
[EventDate "2010.02.09"]
[EventType "swiss"]
[EventRounds "9"]
[EventCountry "RUS"]
[Source "lmi"]
[SourceDate "2010.02.09"]

1. e4 c5 2. Nf3 Nc6 3. d4 cxd4 4. Nxd4 g6 5. Nc3 Bg7 6. Be3 Nf6 7. Bc4 O-O 8.
Bb3 a5 9. O-O Nxd4 10. Bxd4 d6 11. e5 dxe5 12. Bxe5 Bd7 13. Nd5 1/2-1/2

[Event "Aeroflot Open 2010"]
[Site "Moscu RUS"]
[Date "2010.02.11"]
[Round "3.6"]
[White "Vescovi, Giovanni"]
[Black "Sjugirov, Sanan"]
[Result "1/2-1/2"]
[WhiteElo "2660"]
[BlackElo "2610"]
[PlyCount "39"]
[EventDate "2010.02.09"]
[EventType "swiss"]
[EventRounds "9"]
[EventCountry "RUS"]
[Source "lmi"]
[SourceDate "2010.02.09"]

1. d4 d5 2. Nf3 Nf6 3. c4 e6 4. g3 Bb4+ 5. Bd2 Be7 6. Bg2 O-O 7. O-O c6 8. Bf4
b6 9. Nc3 Ba6 10. cxd5 cxd5 11. Rc1 Bb7 12. Ne5 Nbd7 13. Nd3 Rc8 14. Nb5 Rxc1
15. Qxc1 a6 16. Bc7 Qa8 17. Nd6 Ne8 18. Nxb7 Qxb7 19. Bf4 Nd6 20. Bxd6 1/2-1/2

[Event "Aeroflot Open 2010"]
[Site "Moscu RUS"]
[Date "2010.02.11"]
[Round "3.7"]
[White "Efimenko, Zahar"]
[Black "Ehlvest, Jaan"]
[Result "1/2-1/2"]
[WhiteElo "2668"]
[BlackElo "2600"]
[PlyCount "51"]
[EventDate "2010.02.09"]
[EventType "swiss"]
[EventRounds "9"]
[EventCountry "RUS"]
[Source "lmi"]
[SourceDate "2010.02.09"]

1. e4 e5 2. Nf3 Nc6 3. Bb5 Bc5 4. c3 Nf6 5. d4 Bb6 6. O-O O-O 7. Qd3 d6 8. Bg5
h6 9. Bh4 exd4 10. cxd4 g5 11. Bxc6 bxc6 12. Bg3 Re8 13. Re1 Nh5 14. Nc3 Nxg3
15. hxg3 Qf6 16. Rad1 Qg6 17. Qc4 Bd7 18. d5 cxd5 19. Nxd5 Be6 20. Qc6 Bxd5 21.
Rxd5 Rad8 22. g4 Qe6 23. Qc1 Qxg4 24. Nxg5 Qh4 25. Nh3 Re5 26. Qf4 1/2-1/2

[Event "Aeroflot Open 2010"]
[Site "Moscu RUS"]
[Date "2010.02.11"]
[Round "3.9"]
[White "Grachev, Boris"]
[Black "Romanov, Evgeny"]
[Result "1/2-1/2"]
[WhiteElo "2653"]
[BlackElo "2599"]
[PlyCount "29"]
[EventDate "2010.02.09"]
[EventType "swiss"]
[EventRounds "9"]
[EventCountry "RUS"]
[Source "lmi"]
[SourceDate "2010.02.09"]

1. d4 Nf6 2. c4 e6 3. Nc3 Bb4 4. e3 O-O 5. Nge2 d5 6. a3 Bd6 7. c5 Be7 8. b4 b6
9. Nf4 c6 10. Be2 Nbd7 11. O-O a5 12. Bd2 Ba6 13. Bxa6 Rxa6 14. Nd3 Qa8 15. f3
1/2-1/2

[Event "Aeroflot Open 2010"]
[Site "Moscu RUS"]
[Date "2010.02.11"]
[Round "3.10"]
[White "Zhou, Weiqi"]
[Black "Sasikiran, Krishnan"]
[Result "1/2-1/2"]
[WhiteElo "2600"]
[BlackElo "2653"]
[PlyCount "50"]
[EventDate "2010.02.09"]
[EventType "swiss"]
[EventRounds "9"]
[EventCountry "RUS"]
[Source "lmi"]
[SourceDate "2010.02.09"]

1. d4 d5 2. c4 c6 3. Nf3 Nf6 4. e3 g6 5. Nc3 Bg7 6. Bd3 e6 7. O-O Nbd7 8. b3
dxc4 9. bxc4 O-O 10. Ba3 c5 11. Na4 b6 12. dxc5 Qe7 13. Rb1 e5 14. Nd2 e4 15.
Be2 Rd8 16. Qc2 Ne5 17. Nc3 Bf5 18. Ncxe4 Nxe4 19. Nxe4 h5 20. f3 bxc5 21. Rbd1
Ng4 22. Bc1 Qe5 23. fxg4 Bxe4 24. Qa4 hxg4 25. Bxg4 Qg5 1/2-1/2

[Event "Aeroflot Open 2010"]
[Site "Moscu RUS"]
[Date "2010.02.11"]
[Round "3.11"]
[White "Timofeev, Artyom"]
[Black "Rakhmanov, Aleksandr"]
[Result "1-0"]
[WhiteElo "2652"]
[BlackElo "2591"]
[PlyCount "143"]
[EventDate "2010.02.09"]
[EventType "swiss"]
[EventRounds "9"]
[EventCountry "RUS"]
[Source "lmi"]
[SourceDate "2010.02.09"]

1. d4 Nf6 2. c4 e6 3. Nc3 d5 4. Bg5 Be7 5. cxd5 Nxd5 6. Bxe7 Qxe7 7. Rc1 O-O 8.
Nf3 c6 9. e4 Nxc3 10. Rxc3 Nd7 11. e5 c5 12. Bb5 a6 13. Bxd7 Bxd7 14. dxc5 Bc6
15. O-O Rfd8 16. Qc2 Rd5 17. h3 Rad8 18. Re1 h6 19. b3 R8d7 20. b4 Qd8 21. a4
Rd1 22. Rxd1 Rxd1+ 23. Kh2 Qd5 24. Re3 Qd7 25. Ra3 g5 26. b5 axb5 27. axb5 Bxb5
28. h4 Rd3 29. Rxd3 Bxd3 30. Qd2 Qd5 31. hxg5 hxg5 32. Qxg5+ Kf8 33. Qd2 Ke8
34. Qc3 Kd7 35. Nd2 Kc6 36. f3 Bg6 37. Nb3 Kc7 38. Kg3 Bd3 39. Kf4 Bf1 40. Nd2
Bd3 41. Ke3 Bg6 42. Nb3 Qd1 43. Kf2 Qd5 44. Nd4 Qa2+ 45. Kg3 Qd5 46. Kf4 Kd7
47. Qb4 f6 48. c6+ bxc6 49. Qb7+ Ke8 50. Qxc6+ Qxc6 51. Nxc6 Kf7 52. exf6 Kxf6
53. Ne5 Bc2 54. Ng4+ Kg6 55. Ke5 Bb3 56. Nf2 Kf7 57. Ne4 Ba2 58. f4 Bb3 59. g3
Ba2 60. Ng5+ Ke7 61. Nf3 Kf7 62. Nd4 Ke7 63. g4 Kf7 64. g5 Bc4 65. Nc6 Ba2 66.
Nd8+ Kg6 67. Nxe6 Bb1 68. Nd4 Bd3 69. Nc6 Bb1 70. Ne7+ Kf7 71. Nf5 Kg6 72. Nd6
1-0

[Event "Aeroflot Open 2010"]
[Site "Moscu RUS"]
[Date "2010.02.11"]
[Round "3.14"]
[White "Kosintseva, Nadezhda"]
[Black "Zvjaginsev, Vadim"]
[Result "1/2-1/2"]
[WhiteElo "2533"]
[BlackElo "2642"]
[PlyCount "48"]
[EventDate "2010.02.09"]
[EventType "swiss"]
[EventRounds "9"]
[EventCountry "RUS"]
[Source "lmi"]
[SourceDate "2010.02.09"]

1. e4 e5 2. Nf3 Nc6 3. Bb5 Nf6 4. d3 Bc5 5. O-O d6 6. c3 O-O 7. h3 Ne7 8. d4
Bb6 9. Re1 Ng6 10. Nbd2 c6 11. Ba4 Re8 12. Bc2 h6 13. Nf1 Qc7 14. Ng3 Be6 15.
Be3 d5 16. Nxe5 Nxe5 17. Bf4 Nfd7 18. dxe5 Nxe5 19. Qh5 f6 20. exd5 Bxd5 21.
Qf5 Kf8 22. Nh5 Qf7 23. Ng3 Rad8 24. Be3 Bxe3 1/2-1/2

[Event "Aeroflot Open 2010"]
[Site "Moscu RUS"]
[Date "2010.02.11"]
[Round "3.16"]
[White "Salem, A.R. Saleh"]
[Black "Mamedov, Rauf"]
[Result "1/2-1/2"]
[WhiteElo "2484"]
[BlackElo "2640"]
[PlyCount "43"]
[EventDate "2010.02.09"]
[EventType "swiss"]
[EventRounds "9"]
[EventCountry "RUS"]
[Source "lmi"]
[SourceDate "2010.02.09"]

1. d4 d6 2. Nf3 g6 3. c4 Bg7 4. Nc3 e5 5. dxe5 dxe5 6. Bg5 Qxd1+ 7. Rxd1 f6 8.
Bc1 Be6 9. b3 Na6 10. g3 Rd8 11. Bg2 Rxd1+ 12. Kxd1 Ne7 13. Nd2 c6 14. Nde4 Nf5
15. e3 Kf7 16. Ke2 Bf8 17. Rd1 Be7 18. Bf3 h5 19. h3 Rc8 20. Bb2 Nb4 21. Rd2
Na6 22. Rd1 1/2-1/2

[Event "Aeroflot Open 2010"]
[Site "Moscu RUS"]
[Date "2010.02.11"]
[Round "3.17"]
[White "Bacrot, Etienne"]
[Black "Lenic, Luka"]
[Result "1-0"]
[WhiteElo "2713"]
[BlackElo "2595"]
[PlyCount "73"]
[EventDate "2010.02.09"]
[EventType "swiss"]
[EventRounds "9"]
[EventCountry "RUS"]
[Source "lmi"]
[SourceDate "2010.02.09"]

1. d4 Nf6 2. c4 e6 3. g3 Bb4+ 4. Bd2 Qe7 5. Bg2 Nc6 6. d5 Ne5 7. Qb3 Bxd2+ 8.
Nxd2 d6 9. dxe6 fxe6 10. e3 Ned7 11. Ne2 a5 12. Qc2 O-O 13. Nc3 Nc5 14. Nb3
Nfd7 15. Nxc5 Nxc5 16. Ne4 Na6 17. O-O e5 18. Qc3 Nc5 19. Nxc5 dxc5 20. Qc2 c6
21. Rad1 Bg4 22. Rd2 Rf6 23. Be4 g6 24. Rc1 Raf8 25. Qc3 Qf7 26. Rcc2 Qc7 27.
Rd3 Qf7 28. Qd2 Qc7 29. Qe1 Be6 30. a4 Qb6 31. b3 Qb4 32. Qa1 Bc8 33. Rcd2 Re6
34. Qd1 Qb6 35. Rd8 Qc7 36. h4 Kg7 37. R8d7+ 1-0

[Event "Aeroflot Open 2010"]
[Site "Moscu RUS"]
[Date "2010.02.11"]
[Round "3.18"]
[White "Shabalov, Alexander"]
[Black "Volokitin, Andrei"]
[Result "0-1"]
[WhiteElo "2611"]
[BlackElo "2691"]
[PlyCount "78"]
[EventDate "2010.02.09"]
[EventType "swiss"]
[EventRounds "9"]
[EventCountry "RUS"]
[Source "lmi"]
[SourceDate "2010.02.09"]

1. d4 d5 2. c4 c6 3. Nf3 Nf6 4. Nc3 dxc4 5. a4 e6 6. e4 Bb4 7. e5 Nd5 8. Bd2 b5
9. axb5 Bxc3 10. bxc3 cxb5 11. Ng5 Nc6 12. Qh5 Qe7 13. Be2 b4 14. O-O bxc3 15.
Be3 Ncb4 16. Ne4 O-O 17. Bg5 f6 18. exf6 Nxf6 19. Bxc4 Qf7 20. Qxf7+ Rxf7 21.
Nxf6+ gxf6 22. Bf4 a5 23. Rfc1 c2 24. Bd6 Rb7 25. Kf1 Bd7 26. Ke2 Rc8 27. Bc5
Bb5 28. Bxb5 Rxb5 29. Kd2 Na6 30. Ba3 Rd5 31. Rxc2 Rxd4+ 32. Kc1 Rxc2+ 33. Kxc2
Kf7 34. Bb2 Nb4+ 35. Kc3 Rd3+ 36. Kc4 Rd2 37. Bc1 Rxf2 38. Rxa5 Nc6 39. Rc5
Rc2+ 0-1

[Event "Aeroflot Open 2010"]
[Site "Moscu RUS"]
[Date "2010.02.11"]
[Round "3.19"]
[White "Shomoev, Anton"]
[Black "Sargissian, Gabriel"]
[Result "1/2-1/2"]
[WhiteElo "2559"]
[BlackElo "2680"]
[PlyCount "33"]
[EventDate "2010.02.09"]
[EventType "swiss"]
[EventRounds "9"]
[EventCountry "RUS"]
[Source "lmi"]
[SourceDate "2010.02.09"]

1. e4 e5 2. Nf3 Nc6 3. Bb5 Nf6 4. O-O Nxe4 5. Re1 Nd6 6. Nxe5 Be7 7. Bf1 Nf5 8.
c3 Nxe5 9. Rxe5 d6 10. Re1 O-O 11. d4 d5 12. Nd2 Nd6 13. Bd3 c6 14. Qf3 Be6 15.
Nf1 Qd7 16. Bf4 Rfe8 17. h3 1/2-1/2

[Event "Aeroflot Open 2010"]
[Site "Moscu RUS"]
[Date "2010.02.11"]
[Round "3.22"]
[White "Predojevic, Borki"]
[Black "Safarli, Eltaj"]
[Result "1/2-1/2"]
[WhiteElo "2642"]
[BlackElo "2594"]
[PlyCount "45"]
[EventDate "2010.02.09"]
[EventType "swiss"]
[EventRounds "9"]
[EventCountry "RUS"]
[Source "lmi"]
[SourceDate "2010.02.09"]

1. e4 e5 2. Nf3 Nc6 3. Bb5 a6 4. Ba4 Nf6 5. O-O Be7 6. Re1 b5 7. Bb3 d6 8. c3
O-O 9. d4 Bg4 10. Be3 exd4 11. cxd4 Na5 12. Bc2 Nc4 13. Bc1 c5 14. b3 Nb6 15.
Nbd2 cxd4 16. Bb2 Nfd7 17. Qb1 Rc8 18. Nxd4 Bg5 19. Nf1 Ne5 20. Ne3 Bf4 21. g3
Bxe3 22. Rxe3 Bh3 23. Qe1 1/2-1/2

[Event "Aeroflot Open 2010"]
[Site "Moscu RUS"]
[Date "2010.02.11"]
[Round "3.24"]
[White "Krylov, Mikhail"]
[Black "Kobalia, Mikhail"]
[Result "0-1"]
[WhiteElo "2511"]
[BlackElo "2637"]
[PlyCount "86"]
[EventDate "2010.02.09"]
[EventType "swiss"]
[EventRounds "9"]
[EventCountry "RUS"]
[Source "lmi"]
[SourceDate "2010.02.09"]

1. d4 d5 2. c4 c6 3. Nf3 Nf6 4. Nc3 a6 5. c5 Nbd7 6. Bf4 Nh5 7. e3 b6 8. cxb6
Nxf4 9. exf4 e6 10. Bd3 Bd6 11. g3 c5 12. O-O cxd4 13. Na4 Nxb6 14. Nxb6 Qxb6
15. Ne5 O-O 16. Qh5 g6 17. Qe2 f6 18. Nf3 Ra7 19. Rac1 Re7 20. Nh4 Bd7 21. Rfd1
g5 22. fxg5 fxg5 23. Nf3 e5 24. Nxg5 e4 25. Bxe4 dxe4 26. Qc4+ Kh8 27. Qxd4+
Qxd4 28. Rxd4 e3 29. fxe3 Be5 30. Rd2 Bf6 31. Ne4 Bg7 32. Nf2 Bh6 33. Rc7 Rff7
34. Re2 Bxe3 35. Kg2 Bb5 36. Rxe7 Rxe7 37. Re1 Re8 38. Nd1 Bc6+ 39. Kh3 Bd4 40.
Rxe8+ Bxe8 41. Kg4 Kg7 42. Kf4 Kf6 43. Nc3 Bc6 0-1

[Event "Aeroflot Open 2010"]
[Site "Moscu RUS"]
[Date "2010.02.11"]
[Round "3.25"]
[White "Khairullin, Ildar"]
[Black "Iturrizaga, Eduardo"]
[Result "1-0"]
[WhiteElo "2605"]
[BlackElo "2616"]
[PlyCount "53"]
[EventDate "2010.02.09"]
[EventType "swiss"]
[EventRounds "9"]
[EventCountry "RUS"]
[Source "lmi"]
[SourceDate "2010.02.09"]

1. e4 c5 2. Nf3 Nc6 3. Bb5 e6 4. O-O Nge7 5. c3 a6 6. Ba4 b5 7. Bc2 Bb7 8. Qe2
Ng6 9. d4 cxd4 10. cxd4 Rc8 11. a3 Be7 12. Nc3 Na5 13. g3 Nc4 14. h4 Nxa3 15.
bxa3 Rxc3 16. h5 Qc8 17. Bd3 f5 18. Nd2 Bf6 19. hxg6 Bxd4 20. Rb1 hxg6 21. Bb2
fxe4 22. Nxe4 Rxd3 23. Qxd3 Qc6 24. Rfe1 Ba7 25. Bxg7 Rh3 26. Bd4 Bb8 27. Rbc1
1-0

[Event "Aeroflot Open 2010"]
[Site "Moscu RUS"]
[Date "2010.02.11"]
[Round "3.27"]
[White "Naiditsch, Arkadij"]
[Black "Hou, Yifan"]
[Result "1-0"]
[WhiteElo "2687"]
[BlackElo "2590"]
[PlyCount "119"]
[EventDate "2010.02.09"]
[EventType "swiss"]
[EventRounds "9"]
[EventCountry "RUS"]
[Source "lmi"]
[SourceDate "2010.02.09"]

1. e4 e6 2. d4 d5 3. Nd2 c5 4. exd5 Qxd5 5. dxc5 Bxc5 6. Ngf3 Nf6 7. Bc4 Qc6 8.
Qe2 O-O 9. O-O Nbd7 10. Nb3 b6 11. Nfd4 Bxd4 12. Nxd4 Qc5 13. Rd1 Bb7 14. a4
Ne5 15. Bb3 Ng6 16. Be3 Qe5 17. f3 Rad8 18. Qe1 Qh5 19. Qg3 h6 20. Ne2 Nd5 21.
Bd2 Qf5 22. c4 Qd3 23. Nc1 Qd4+ 24. Qf2 Ndf4 25. Qxd4 Rxd4 26. Be3 Rxd1+ 27.
Bxd1 e5 28. Bc2 Nh4 29. Bxf4 exf4 30. a5 Rc8 31. Bd3 Rd8 32. Kf2 g5 33. axb6
axb6 34. Ra7 Rb8 35. Ne2 Kg7 36. b4 Bc6 37. Nd4 Be8 38. b5 Kf6 39. Nc6 Bxc6 40.
bxc6 Rc8 41. c7 Ke6 42. c5 bxc5 43. Ba6 Kd7 44. Bxc8+ Kxc8 45. g3 fxg3+ 46.
hxg3 Ng6 47. Ra8+ Kxc7 48. Ra7+ Kd6 49. Rxf7 Ne5 50. Rf6+ Kd5 51. Rxh6 c4 52.
Ke2 c3 53. Rf6 Kd4 54. Rd6+ Kc5 55. Rd8 Kc4 56. f4 gxf4 57. gxf4 Nf7 58. Rc8+
Kd4 59. Rc6 Ke4 60. Rc4+ 1-0

[Event "Aeroflot Open 2010"]
[Site "Moscu RUS"]
[Date "2010.02.11"]
[Round "3.28"]
[White "Salgado Lopez, Ivan"]
[Black "Smirin, Ilia"]
[Result "1/2-1/2"]
[WhiteElo "2584"]
[BlackElo "2668"]
[PlyCount "118"]
[EventDate "2010.02.09"]
[EventType "swiss"]
[EventRounds "9"]
[EventCountry "RUS"]
[Source "lmi"]
[SourceDate "2010.02.09"]

1. e4 c5 2. Nf3 d6 3. d4 cxd4 4. Nxd4 Nf6 5. Nc3 Nc6 6. Bg5 e6 7. Qd2 Be7 8.
O-O-O O-O 9. f3 a6 10. h4 Nxd4 11. Qxd4 b5 12. Kb1 Bb7 13. Qd2 Rc8 14. Bd3 Nd7
15. a3 f6 16. Bf4 Ne5 17. h5 Qe8 18. Be2 Qf7 19. g4 h6 20. Be3 Nc4 21. Bxc4
Rxc4 22. Bf4 Rd8 23. Qh2 d5 24. exd5 exd5 25. Ne2 d4 26. Rhf1 d3 27. Rxd3 Rxd3
28. cxd3 Rc8 29. Nc1 Bc5 30. Qd2 Qd5 31. Be3 Bd6 32. f4 Re8 33. g5 Qg2 34. Rf2
Qg3 35. Bd4 hxg5 36. Qd1 gxf4 37. h6 Qg5 38. hxg7 Kxg7 39. Rf1 Kf7 40. Rg1 Qf5
41. Qd2 Rg8 42. Rxg8 Kxg8 43. Qh2 Kf7 44. Kc2 Bd5 45. Kd2 Ke7 46. Qf2 Kd7 47.
Ne2 f3 48. Nc3 Bf4+ 49. Be3 Bxe3+ 50. Qxe3 f2 51. Qa7+ Ke6 52. Qxa6+ Kf7 53.
Qa7+ Kf8 54. Qb8+ Kf7 55. Qc7+ Kf8 56. Qb8+ Kg7 57. Qg3+ Kh6 58. Qh4+ Kg6 59.
Nxd5 f1=N+ 1/2-1/2

[Event "Aeroflot Open 2010"]
[Site "Moscu RUS"]
[Date "2010.02.11"]
[Round "3.29"]
[White "Ghaem Maghami, Ehsan"]
[Black "Zhigalko, Sergei"]
[Result "1/2-1/2"]
[WhiteElo "2589"]
[BlackElo "2646"]
[PlyCount "59"]
[EventDate "2010.02.09"]
[EventType "swiss"]
[EventRounds "9"]
[EventCountry "RUS"]
[Source "lmi"]
[SourceDate "2010.02.09"]

1. d4 d5 2. c4 e6 3. Nf3 c6 4. Bg5 Be7 5. Bxe7 Qxe7 6. Qc2 Nf6 7. e3 O-O 8. Nc3
Nbd7 9. cxd5 cxd5 10. Be2 a6 11. Na4 Ne4 12. Nd2 Nxd2 13. Qxd2 b5 14. Nc3 Nb6
15. O-O b4 16. Nd1 Nc4 17. Bxc4 dxc4 18. a3 Rb8 19. axb4 Rxb4 20. Nc3 Rd8 21.
Rfd1 Bb7 22. f3 f5 23. Qf2 h6 24. Rd2 Rb8 25. Re1 e5 26. Qg3 Re8 27. dxe5 Qxe5
28. Qxe5 Rxe5 29. Kf2 Re6 30. h3 1/2-1/2

[Event "Aeroflot Open 2010"]
[Site "Moscu RUS"]
[Date "2010.02.11"]
[Round "3.31"]
[White "Korobov, Anton"]
[Black "Svetushkin, Dmitry"]
[Result "1-0"]
[WhiteElo "2642"]
[BlackElo "2573"]
[PlyCount "87"]
[EventDate "2010.02.09"]
[EventType "swiss"]
[EventRounds "9"]
[EventCountry "RUS"]
[Source "lmi"]
[SourceDate "2010.02.09"]

1. d4 Nf6 2. c4 e6 3. Nc3 Bb4 4. e3 O-O 5. Bd3 c5 6. Nf3 b6 7. O-O Bb7 8. Bd2
cxd4 9. exd4 d5 10. cxd5 Bxc3 11. bxc3 Qxd5 12. Re1 Nbd7 13. h3 Rac8 14. c4 Qd6
15. Bc3 Rfd8 16. Re3 Qc6 17. Bb4 Ba6 18. Ne5 Nxe5 19. dxe5 Bb7 20. Rg3 Ne4 21.
Qh5 g6 22. Bxe4 Qxe4 23. Be7 Rd3 24. Rg4 Qxc4 25. Bf6 Qb4 26. Qxh7+ Kxh7 27.
Rxb4 g5 28. Bxg5 Bd5 29. Rh4+ Kg6 30. Bf6 Rc4 31. Rh8 Rdc3 32. h4 Kf5 33. f3 b5
34. h5 b4 35. Rg8 Rc8 36. Rg5+ Kf4 37. Rg4+ Ke3 38. Rxb4 Rg8 39. Re1+ Kd2 40.
Kf1 Bc4+ 41. Kf2 Bd3 42. Rb2+ Rc2 43. Rxc2+ Kxc2 44. Re4 1-0